| 000 | 00716nam a22001937a 4500 | ||
|---|---|---|---|
| 003 | OSt | ||
| 005 | 20260205072520.0 | ||
| 008 | 260205b |||||||| |||| 00| 0 eng d | ||
| 020 | _a978-1-74048-034-5 | ||
| 040 |
_aDWCL-Main Lib _cOC |
||
| 082 | _aGR.822.33 C867 2009 | ||
| 100 |
_aCousins, A. D. _d1950 |
||
| 245 | _aThe Shakespeare encyclopedia : the complete guide to the man and his works. | ||
| 260 |
_aAustralia : _bGlobal Book Publishing, _cc2009. |
||
| 300 |
_a304 p. : _bill. ( chiefly col. ) col. maps, charts, tables _c; 31 cm |
||
| 650 | _aShakespeare, William, 1564 - 1616 - Criticism and interpretation. | ||
| 650 | _aShakespeare, William, 1564 - 1616 - Encyclopedias. | ||
| 942 |
_2ddc _cGR _mGR. _n0 |
||
| 999 |
_c8297 _d8297 |
||